Developmental biology
Đã lưu trong:
| Tác giả chính: | |
|---|---|
| Định dạng: | Sách |
| Ngôn ngữ: | Undetermined |
| Được phát hành: |
Sunderland, Massachusetts
Sinauer Associates
2000
|
| Những chủ đề: | |
| Các nhãn: |
Thêm thẻ
Không có thẻ, Là người đầu tiên thẻ bản ghi này!
|
| Thư viện lưu trữ: | Trung tâm Học liệu Trường Đại học Cần Thơ |
|---|
| LEADER | 00581nam a2200193Ia 4500 | ||
|---|---|---|---|
| 001 | CTU_48930 | ||
| 008 | 210402s9999 xx 000 0 und d | ||
| 082 | |a 571.8 | ||
| 082 | |b G466 | ||
| 100 | |a Gilbert, Scott | ||
| 245 | 0 | |a Developmental biology | |
| 245 | 0 | |c Scott Gilbert | |
| 260 | |a Sunderland, Massachusetts | ||
| 260 | |b Sinauer Associates | ||
| 260 | |c 2000 | ||
| 526 | |a Điều khiển giới tính và sinh sản động vật | ||
| 526 | |b TNS615 | ||
| 650 | |a Developmental biolgy,Embryology | ||
| 980 | |a Trung tâm Học liệu Trường Đại học Cần Thơ | ||